MARC details
| 000 -CABECERA |
| campo de control de longitud fija |
01540nam a22002537a 4500 |
| 003 - IDENTIFICADOR DEL NÚMERO DE CONTROL |
| campo de control |
OSt |
| 005 - FECHA Y HORA DE LA ÚLTIMA TRANSACCIÓN |
| campo de control |
20260512131109.0 |
| 008 - DATOS DE LONGITUD FIJA--INFORMACIÓN GENERAL |
| campo de control de longitud fija |
250910b |||||||| |||| 00| 0 eng d |
| 040 ## - FUENTE DE LA CATALOGACIÓN |
| Centro catalogador/agencia de origen |
English |
| Centro/agencia transcriptor |
tbs |
| 041 ## - CÓDIGO DE LENGUA |
| Código de lengua del texto/banda sonora o título independiente |
English |
| 100 ## - ENTRADA PRINCIPAL--NOMBRE DE PERSONA |
| Nombre de persona |
Hunt, Shelby D. |
| 9 (RLIN) |
25917 |
| 245 ## - MENCIÓN DE TÍTULO |
| Título |
A general theory of marketing ethics |
| Mención de responsabilidad, etc. |
/ Hunt, S. D., & Vitell, S. J. |
| 260 ## - PUBLICACIÓN, DISTRIBUCIÓN, ETC. |
| Nombre del editor, distribuidor, etc. |
Journal of Macromarketing |
| Fecha de publicación, distribución, etc. |
1986 |
| 362 ## - FECHAS DE PUBLICACIÓN Y/O DESIGNACIÓN SECUENCIAL |
| Fecha de publicación y/o designación secuencial |
Journal of Macromarketing, 6(1), 5-16 |
| 520 ## - SUMARIO, ETC. |
| Sumario, etc. |
The general theory of marketing ethics, first published in the Journal of Macromarketing by Hunt and Vitell (1986), has been the focus of much discussion and empirical testing. As a result, the theory was revised in 1993. This article overviews the 1993 revision of the model and addresses three questions that are often asked by those who use the model in the classroom and/or in research: (1) What is the justification for using normative ethical theory as a starting point for positing a positive ethical theory? (2) Is the Hunt-Vitell (H-V) model a causal model, that is, is each concept in the model a construct to be measured? (3) How, specifically, can the H-V theory be used to teach marketing and business ethics? |
| 650 #0 - PUNTO DE ACCESO ADICIONAL DE MATERIA--TÉRMINO DE MATERIA |
| Término de materia o nombre geográfico como elemento de entrada |
Marketing |
| 9 (RLIN) |
1020 |
| 650 #0 - PUNTO DE ACCESO ADICIONAL DE MATERIA--TÉRMINO DE MATERIA |
| Término de materia o nombre geográfico como elemento de entrada |
Business ethics |
| 9 (RLIN) |
3022 |
| 650 #0 - PUNTO DE ACCESO ADICIONAL DE MATERIA--TÉRMINO DE MATERIA |
| Término de materia o nombre geográfico como elemento de entrada |
Social responsibility of business |
| 9 (RLIN) |
2683 |
| 650 #0 - PUNTO DE ACCESO ADICIONAL DE MATERIA--TÉRMINO DE MATERIA |
| Término de materia o nombre geográfico como elemento de entrada |
Quantitative research |
| 9 (RLIN) |
22003 |
| 650 #0 - PUNTO DE ACCESO ADICIONAL DE MATERIA--TÉRMINO DE MATERIA |
| Término de materia o nombre geográfico como elemento de entrada |
Decision making |
| 9 (RLIN) |
339 |
| 700 ## - ENTRADA AGREGADA--NOMBRE PERSONAL |
| Nombre de persona |
Vitell, Scott J. |
| 9 (RLIN) |
25918 |
| 856 ## - LOCALIZACIÓN Y ACCESO ELECTRÓNICOS |
| Identificador Uniforme del Recurso |
<a href="https://journals-sagepub-com.hub.tbs-education.fr/doi/pdf/10.1177/027614678600600103">https://journals-sagepub-com.hub.tbs-education.fr/doi/pdf/10.1177/027614678600600103</a> |
| 942 ## - ELEMENTOS DE ENTRADA AGREGADA (KOHA) |
| Fuente del sistema de clasificación o colocación |
Clasificación de Library of Congress |